01076nam a2200217Ia 450000500170000000800410001701600140005804000240007205000170009608200100011311001310012324503670025426000360062130000380065744000250069556300100072065000260073065000370075665000190079370000460081220260110115514.0210303s9999 xx 000 0 und d 2reto2022b aNLNbEnglisheAACR2 aTL500b.N864 a629.1 aNORTH Atlantic Treaty Organization. Advisory Group for Aeronautical Research and Development. Avionics Panel. Copenhagen, 1958 0aAvionics research :bsatellites and problems of long-range detection and tracking. papers presented at the AGARD AVIONICS PANEL MEETING, COPENHAGEN 20TH TO 25TH OCTOBER 1958 /c North Atlantic Treaty Organization. Advisory Group for Aeronautical Research and Development. Avionics Panel. Meeting, Copenhagen, 1958 and edited by E.V.D. Glazier, E. Rechtin, J.Vogo aOxford :bPergamon Press,c1960 aix, 257p. : bill., diagrs. 26cm. aAGARDograph, no. 40. a(pbk) aAerospace engineering aArtificial satellitesvTracking  aTracking radar aGlazier, E. V. D. (Edward Victor D.)eedt